000 00539nam a2200181Ia 4500
008 100917s9999 xx 000 0 und d
082 _b35116
100 _aजोशी नारायण विष्णु
245 _aमुलींचा खेळ (आ. 2 री)
260 _b---
_c1877
300 _a66
365 _b0.19
520 _aकथा
630 _aमुलींचा खेळ (आ. 2 री)
650 _aकथा
730 _aमुलींचा खेळ (आ. 2 री)
942 _cBOOK
999 _c640510
_d640507